| 000 | 01035nam a2200229Ia 4500 | ||
|---|---|---|---|
| 001 | 19131 | ||
| 005 | 20260415122823.0 | ||
| 008 | 260306s9999||||xx |||||||||||||| ||und|| | ||
| 041 | _aESP | ||
| 082 |
_a658.8 _bL93 2015 |
||
| 100 |
_aLovelock, Christopher _eAUT |
||
| 245 | 0 |
_aMarketing de servicios: _bpersonal, tecnología y estrategia |
|
| 260 | _c2015 | ||
| 300 |
_a626 páginas : _c27 cm. |
||
| 650 | _aGEN | ||
| 654 | _aCAN | ||
| 856 |
_uhttps://itmsp.museknowledge.com/UCSP?url=https://www.ebooks7-24.com:443/?il=3701&pg=1 _zVersión digital |
||
| 856 |
_uhttps://0u213wk08-y-https-ebooks7--24-com.itmsp.museknowledge.com/biblioteca.aspx _zVéase además: Base de datos Ebook7-24 |
||
| 856 |
_uhttps://0u20fwk0d-y-https-research-ebsco-com.itmsp.museknowledge.com/c/qxo6us/search _zVéase además: Base de datos EBSCOhost |
||
| 856 |
_uhttps://0u20vwk0e-y-https-ebookcentral-proquest-com.itmsp.museknowledge.com/lib/catolicasp/home.action _zVéase además: Base de datos ProQuest Ebook Central |
||
| 942 |
_cLIB _dJUS _fJUS _2ddc |
||
| 999 |
_c19131 _d19131 |
||